000 00633nam a2200205Ia 4500
001 dd10-1617 [d000001667]
003 IT-MiCISF
008 161014s9999||||xx |||||||||||||| ||und||
040 _aIT-MiCISF
_cIT-MiCISF
041 _ait
100 _aAA.VV.
245 0 _aIl ruolo e le prospettive della famiglia nelle rappresentazioni degli italiani
_bI risultati di una indagine campionaria nazionale
250 _a1a ed.
260 _a Milano
_bEurisko
_c1992
300 _ap. 55+151
500 _aEurisko / famiglia, rapporti-familiari, società / documento
650 _afamiglia
942 _cBK
957 _71
999 _a1617
_bsi
_g1
_c209353
_d209353